Kluby Europy z największą liczbą mistrzostw kraju - Statystyki

Ogólne statystyki
  • Ten quiz został rozwiązany 66 razy
  • Średni wynik to 11 z 46
Statystyki odpowiedzi
Państwo Liczba
mistrzostw
Klub % Poprawnych
Polska 15 Legia Warszawa
82%
Hiszpania 36 Real Madryt
82%
Niemcy 32 Bayern Monachium
73%
Holandia 35 Ajax Amsterdam
68%
Anglia 20 Manchester United
68%
Francja 11 PSG
67%
Czechy 13 Sparta Praga
62%
Włochy 35 Juventus
55%
Austria 32 Rapid Wiedeń
52%
Turcja 24 Galatasaray
48%
Bułgaria 31 CSKA Sofia
45%
Ukraina 16 Dynamo Kijów
43%
Dania 14 FC Kopenhaga
43%
Finlandia 33 HJK Helsinki
37%
Białoruś 15 BATE Borysów
33%
Grecja 47 Olympiakos Pireus
28%
Słowacja 8 Slovan Bratysława
27%
Mołdawia 21 Sheriff Tyraspol
23%
Serbia 10 Crvena zvezda Belgrad
22%
Rosja 10 Spartak Moskwa
22%
Estonia 15 Flora Tallinn
20%
Norwegia 21 Rosenborg Trondheim
17%
Litwa 10 Zalgiris Wilno
13%
Portugalia 38 Benfica Lisbona
12%
Łotwa 14 Skonto Ryga
12%
Szwecja 23 Malmo FF
8%
Szkocja 55 Rangers FC
8%
Belgia 33 RSC Anderlecht
8%
Albania 26 KF Tirana
7%
Irlandia 21 Shamrock Rovers
7%
Czarnogóra 6 Buducnost Podgorica
5%
Węgry 35 Ferencvarosi Budapeszt
3%
Irlandia Płn. 54 Linfield
3%
Słowenia 16 NK Maribor
3%
Macedonia Płn. 11 Wardar Skopje
3%
Walia 14 The New Saints
2%
Bośnia i Hercegowina 8 Zrinjski Mostar
2%
Andora 13 FC Santa Colona
0%
Rumunia 27 FCSB Bukareszt
0%
Szwajcaria 27 Grasshopper Club
0%
Chorwacja 10 HASK Zagrzeb
0%
Luksemburg 28 Jeunesse Esch
0%
Kosowo 7 KF Prishtina
0%
Islandia 27 Reykjavíkur
0%
Malta 26 Sliema Wanderers
0%
San Marino 8 SP Tre Fiori
0%
Nie znaleziono quizów pasujących do podanych kryteriów
Rozkład punktacji
Procent ludzi z każdym wynikiem
Percentyl według liczby udzielonych odpowiedzi
Twoja historia wyników
Nie rozwiązałeś tego quizu